Nebraska Football: Top 10 All-Time Leaders - Statistics

General Stats
  • This quiz has been taken 39 times
  • The average score is 19 of 59
Answer Stats
Category # Player Amount % Correct
Passing Yards 2 Adrian Martinez 8,491
80%
Sacks T4 Ndamukong Suh 24.0
76%
Passing Yards 3 Taylor Martinez 7,258
76%
Rushing Yards 9 Taylor Martinez 2,975
76%
Passing Yards 7 Dylan Raiola 4,728
72%
Rushing Yards 1 Mike Rozier 4,780
68%
Passing Yards 9 Eric Crouch 4,181
64%
Rushing Yards 4 Eric Crouch 3,434
64%
Passing Yards 4 Zac Taylor 5,850
64%
Rushing Yards 3 Ahman Green 3,880
60%
Rushing Yards 2 Ameer Abdullah 4,588
60%
Passing Yards 1 Tommy Armstrong Jr. 8,871
60%
Passing Yards 10 Tommie Frazier 3,521
56%
Rushing Yards 6 Rex Burkhead 3,329
52%
Receiving Yards 2 Kenny Bell 2,689
44%
Receiving Yards 4 Johnny Rogers 2,479
40%
Receiving Yards 6 Jordan Westerkamp 2,474
36%
Tackles 5 Lavonte David 285
36%
Receiving Yards 1 Stanley Morgan Jr. 2,747
36%
Rushing Yards 7 Calvin Jones 3,153
32%
Sacks 2 Grant Wistrom 26.5
32%
Passing Yards 5 Joe Ganz 5,125
32%
Tackles 4 Mike Brown 287
32%
Interceptions T5 Ralph Brown 11
32%
Rushing Yards 5 Roy Helu 3,404
32%
Rushing Yards 10 I.M. Hipp 2,814
28%
Sacks 8 Jared Crick 20.0
28%
Passing Yards 8 Jerry Tagge 4,704
28%
Tackles T8 Nate Gerry 273
28%
Interceptions T2 Nate Gerry 13
28%
Sacks 1 Trev Alberts 29.5
28%
Tackles 1 Barrett Ruud 432
24%
Sacks 6 Broderick Thomas 22.5
24%
Receiving Yards 3 JD Spielman 2,546
24%
Receiving Yards 5 Nate Swift 2,476
24%
Receiving Yards 9 Niles Paul 1,532
24%
Passing Yards 6 David Humm 5,075
20%
Sacks 9 Randy Gregory 17.5
20%
Receiving Yards 7 Terrence Nunn 1,762
20%
Interceptions 4 Bret Clark 12
16%
Interceptions T2 Josh Bullocks 13
16%
Rushing Yards 8 Ken Clark 3,037
16%
Sacks 7 Adam Carriker 20.5
12%
Receiving Yards 10 Quincy Enunwa 1,526
12%
Receiving Yards 8 Todd Peterson 1,602
12%
Sacks 10 Barry Turner 17.0
8%
Tackles T8 Clete Pillen 273
8%
Interceptions 1 Dana Stephenson 14
8%
Sacks T4 Danny Noonan 24.0
8%
Tackles 6 Dedrick Young II 284
8%
Interceptions T5 Fabian Washington 11
8%
Tackles 2 Jerry Murtaugh 342
8%
Sacks 3 Jim Skow 26.0
8%
Interceptions T5 Larry Wachholtz 11
8%
Tackles 7 Lee Kunz 276
8%
Tackles 3 Luke Reimer 293
8%
Tackles 10 Steve Damkroger 269
8%
Interceptions T5 Tom Novak 11
8%
Interceptions T5 Tyrone Byrd 11
8%
No matching quizzes found
Score Distribution
Percent of People with Each Score
Percentile by Number Answered
Your Score History
You have not taken this quiz